000 00915nam a2200265 i 4500
001 000008651
005 20200929161359.0
008 800724s1989 sp 000 1 spa
010 _a79118670
020 _a843291979x
040 _aDO-SdBNP
_bspa
_cBNPHU
082 _a863.6
_bM722c
100 1 _aMolina-Foix, Vicente,
_d1946-
_923085
245 1 3 _aLa comunión de los atletas seguido de los ladrones de niños /
_cVicente Molina Foix.
260 _aBarcelona :
_bEditorial Anagrama,
_c1989.
300 _a160 p. ;
_c20 cm.
490 1 _aNarrativa hispánicas
_v79
500 _aIncluye datos biográficos del autor en la solapa de la cubierta
650 4 _aNovela española
_91123
650 4 _aNarrativa hispánicas
_923087
650 4 _aLiteratura española
_9632
650 4 _aJuventud
_xAspectos sociales
_vNOVELA
_923088
740 4 _aLos ladrones de niños.
830 0 _aNarrativa hispánicas
_n79
_923089
999 _c8421
_d8421